000
00318nam a2200133Ia 4500
005
20251222155131.0
008
251222s9999||||xx |||||||||||||| ||spa||
082
_a
INV. 06
100
_a
POPPER Karl.
245
0
_a
La Lógica de la Investigación Cientifica
250
_a
1ra. ed.
264
_b
Tecnos
942
_c
LIB
999
_c
38797
_d
38797